[Event "Krakow op-A 29th"]
[Site "Krakow"]
[Date "2018.12.29"]
[Round "4"]
[White "Martynyuk, Elizaveta"]
[Black "Gbyl, Andrzej"]
[Result "1-0"]
[WhiteElo "2128"]
[BlackElo "2266"]
[PlyCount "30"]
[EventDate "2018.12.27"]
[EventType "swiss"]
[EventRounds "9"]
[EventCountry "POL"]
[SourceTitle "CBM 189 Extra"]
[Source "ChessBase"]
[SourceDate "2019.05.31"]
[SourceVersion "1"]
[SourceVersionDate "2019.05.31"]
[SourceQuality "1"]

1. e4 c6 2. Nc3 d5 3. Nf3 Nf6 4. e5 Ne4 5. d4 Nxc3 6. bxc3 e6 7. c4 Nd7 8. cxd5 cxd5 9. Bd3 Be7 10. 0-0 Nb6 11. a4 Qc7 12. Ba3 Bxa3 13. Rxa3 Bd7 14. Ng5 Bc6 15. Nxh7 0-0-0 1-0

[Event "Krakow op-A 29th"]
[Site "Krakow"]
[Date "2018.12.27"]
[Round "1"]
[White "Gokhale, Anupama"]
[Black "Gbyl, Andrzej"]
[Result "1/2-1/2"]
[WhiteElo "2009"]
[BlackElo "2266"]
[PlyCount "100"]
[EventDate "2018.12.27"]
[EventType "swiss"]
[EventRounds "9"]
[EventCountry "POL"]
[SourceTitle "CBM 189 Extra"]
[Source "ChessBase"]
[SourceDate "2019.05.31"]
[SourceVersion "1"]
[SourceVersionDate "2019.05.31"]
[SourceQuality "1"]

1. d4 Nf6 2. c4 g6 3. g3 Bg7 4. Bg2 d6 5. Nf3 0-0 6. 0-0 Nc6 7. Nc3 a6 8. h3 Rb8 9. e4 e5 10. d5 Na5 11. Nd2 c5 12. Rb1 Qc7 13. a4 Bd7 14. b4 cxb4 15. Rxb4 Rfc8 16. Re1 Bh6 17. Bf1 Nh5 18. Ba3 b6 19. Rb1 f5 20. exf5 Bxd2 21. Qxd2 Bxf5 22. Ne4 Nb7 23. c5 Bxe4 24. Rxe4 Nxc5 25. Bxc5 bxc5 26. Rxb8 Rxb8 27. Bxa6 Nf6 28. Rc4 Rb1+ 29. Rc1 Qb6 30. Bb5 Ne4 31. Qe3 Rxc1+ 32. Qxc1 Qa5 33. Qe3 Qb4 34. Bd3 Nf6 35. Bc2 c4 36. Qa7 Qb2 37. Qe7 Qxc2 38. Qe6+ Kg7 39. Qe7+ Kg8 40. Qe6+ Kg7 41. Qe7+ Kh6 42. Qxf6 Qb1+ 43. Kg2 Qe4+ 44. Qf3 Qd4 45. Qf8+ Kh5 46. h4 Qd2 47. Qf3+ Kh6 48. Qf8+ Kh5 49. Qf3+ Kh6 50. Qf8+ Kh5 1/2-1/2

[Event "POL-chT 1st League"]
[Site "Pokrzywna"]
[Date "2018.09.07"]
[Round "7.1"]
[White "Gbyl, Andrzej"]
[Black "Tomaszewski, Kacper"]
[Result "1/2-1/2"]
[WhiteElo "2248"]
[BlackElo "2281"]
[PlyCount "100"]
[EventDate "2018.09.01"]
[EventType "team-tourn"]
[EventRounds "9"]
[EventCountry "POL"]
[SourceTitle "CBM 186 Extra"]
[Source "ChessBase"]
[SourceDate "2018.08.24"]
[SourceVersion "1"]
[SourceVersionDate "2018.08.24"]
[SourceQuality "1"]
[WhiteTeam "Krakow KKSz"]
[BlackTeam "Rybnik"]
[WhiteTeamCountry "POL"]
[BlackTeamCountry "POL"]

1. d4 d6 2. Nf3 g6 3. c4 f5 4. Nc3 Nf6 5. g3 Bg7 6. Bg2 0-0 7. 0-0 Nc6 8. d5 Na5 9. Qd3 e5 10. dxe6 Bxe6 11. b3 Nc6 12. Bb2 Ne4 13. Qc2 Nb4 14. Qc1 Nc5 15. Nb5 Bxb2 16. Qxb2 Nc6 17. Rad1 a6 18. Nc3 Qf6 19. Qd2 Rae8 20. Nd4 Nxd4 21. Qxd4 Qxd4 22. Rxd4 Bc8 23. e3 Kg7 24. b4 Ne6 25. Rd2 Ng5 26. a3 Nf7 27. Rc1 Ne5 28. Nd5 Rf7 29. h3 Be6 30. Rdc2 Nd3 31. Rd1 Ne5 32. Rc3 Rb8 33. Rdc1 Rd7 34. Nf4 Bf7 35. Nd3 Re7 36. Nf4 Rd7 37. R1c2 Re7 38. Nd3 Bg8 39. Nxe5 dxe5 40. Rd2 Bf7 41. c5 c6 42. Rcd3 Rc8 43. Rd7 Rc7 44. Rxc7 Rxc7 45. Rd6 h5 46. g4 hxg4 47. hxg4 fxg4 48. Kh2 Kh6 49. Kg3 Kg5 50. Bf1 Re7 1/2-1/2

[Event "POL-chT 1st League"]
[Site "Pokrzywna"]
[Date "2018.09.05"]
[Round "5.1"]
[White "Gbyl, Andrzej"]
[Black "Cvek, Robert"]
[Result "0-1"]
[WhiteElo "2248"]
[BlackElo "2509"]
[PlyCount "114"]
[EventDate "2018.09.01"]
[EventType "team-tourn"]
[EventRounds "9"]
[EventCountry "POL"]
[SourceTitle "CBM 186 Extra"]
[Source "ChessBase"]
[SourceDate "2018.08.24"]
[SourceVersion "1"]
[SourceVersionDate "2018.08.24"]
[SourceQuality "1"]
[WhiteTeam "Krakow KKSz"]
[BlackTeam "Raciborz Silesia"]
[WhiteTeamCountry "POL"]
[BlackTeamCountry "POL"]

1. d4 e6 2. c4 d5 3. Nc3 a6 4. cxd5 exd5 5. Bf4 Nf6 6. e3 Bd6 7. Bxd6 Qxd6 8. Bd3 0-0 9. Nf3 Nc6 10. h3 Re8 11. a3 Ne7 12. Qc2 g6 13. 0-0 Bf5 14. b4 Bxd3 15. Qxd3 Nf5 16. Rfc1 c6 17. Na4 Ne4 18. Rc2 Qe7 19. Nc5 Nfd6 20. Ne5 f6 21. Nxe4 Nxe4 22. Nf3 Nd6 23. a4 Kg7 24. Nd2 h5 25. Nb1 f5 26. Nc3 Nc4 27. Rb1 h4 28. Ra2 Qd6 29. Ne2 Qe7 30. Qc2 Qe4 31. Qxe4 fxe4 32. Nc3 Kf6 33. b5 axb5 34. axb5 Rxa2 35. Nxa2 Na3 36. Ra1 Nxb5 37. Nc1 Ke6 38. Nb3 Kd6 39. Nc1 g5 40. Nb3 b6 41. Ra6 Kc7 42. Ra2 Kb7 43. Nd2 Nd6 44. Rc2 Nf5 45. Kf1 Ra8 46. Ke2 Ra1 47. Nf1 Kc7 48. Nh2 Nd6 49. Ng4 Nc4 50. f3 exf3+ 51. gxf3 b5 52. e4 Kd6 53. Nf6 Rh1 54. Rc3 Rxh3 55. exd5 Rh2+ 56. Ke1 cxd5 57. Rb3 Rb2 0-1

[Event "POL-chT 1st League"]
[Site "Pokrzywna"]
[Date "2018.09.03"]
[Round "3.1"]
[White "Gbyl, Andrzej"]
[Black "Duch, Mariusz"]
[Result "1-0"]
[WhiteElo "2248"]
[BlackElo "2233"]
[PlyCount "89"]
[EventDate "2018.09.01"]
[EventType "team-tourn"]
[EventRounds "9"]
[EventCountry "POL"]
[SourceTitle "CBM 186 Extra"]
[Source "ChessBase"]
[SourceDate "2018.08.24"]
[SourceVersion "1"]
[SourceVersionDate "2018.08.24"]
[SourceQuality "1"]
[WhiteTeam "Krakow KKSz"]
[BlackTeam "Gostynin Gostmat 83"]
[WhiteTeamCountry "POL"]
[BlackTeamCountry "POL"]

1. d4 d6 2. Nf3 Nf6 3. c4 Nbd7 4. Nc3 e5 5. g3 g6 6. Bg2 Bg7 7. 0-0 0-0 8. Qc2 Re8 9. Rd1 h6 10. e4 c6 11. h3 Qe7 12. d5 a5 13. Be3 Nc5 14. Bxc5 dxc5 15. Ne1 cxd5 16. cxd5 Bd7 17. a4 Red8 18. Nf3 Ne8 19. Nd2 Nd6 20. Qb3 h5 21. Nc4 h4 22. Nxd6 Qxd6 23. g4 Rdc8 24. Qc4 Bf8 25. Nb1 Qb6 26. b3 Bd6 27. Na3 Qd8 28. Qd3 b6 29. Bf1 Qe7 30. Qe3 Rf8 31. Bb5 Bc8 32. Nc4 Rb8 33. Nxd6 Qxd6 34. Qg5 Kg7 35. Qxh4 Rh8 36. Qg3 g5 37. Kg2 f6 38. Rh1 Rh4 39. Rad1 Bb7 40. Qd3 Rbh8 41. Bc6 Bc8 42. Qb5 Kg6 43. Qxb6 Qf8 44. Qc7 Qh6 45. Qe7 1-0

[Event "POL-ch rapid"]
[Site "Zgierz"]
[Date "2018.03.04"]
[Round "9"]
[White "Gbyl, Andrzej"]
[Black "Wieczorek, Oskar"]
[Result "1-0"]
[WhiteElo "2262"]
[BlackElo "2464"]
[PlyCount "53"]
[EventDate "2018.03.04"]
[EventType "swiss (rapid)"]
[EventRounds "9"]
[EventCountry "POL"]
[SourceTitle "CBM 183 Extra"]
[Source "ChessBase"]
[SourceDate "2018.04.19"]
[SourceVersion "1"]
[SourceVersionDate "2018.04.19"]
[SourceQuality "1"]

1. d4 Nf6 2. c4 c5 3. d5 b5 4. cxb5 a6 5. Nc3 axb5 6. e4 b4 7. Nb5 d6 8. Bf4 g5 9. Bxg5 Nxe4 10. Bf4 Qa5 11. Bc4 Ba6 12. Qe2 Bxb5 13. Bxb5+ Kd8 14. Nf3 b3+ 15. Nd2 bxa2 16. 0-0 Nf6 17. Bc4 Qb4 18. Bg5 Nbd7 19. Rxa2 Rb8 20. b3 Rg8 21. Nf3 Ke8 22. Ra7 Qb6 23. Rfa1 Bg7 24. R1a6 Qd8 25. Rxd6 Ra8 26. Rdxd7 Rxa7 27. Rxa7 1-0